| 000 | 00000cam 2200000zi 4500 |
| 001 | 9.558124 |
| 003 | CaOODSP |
| 005 | 20221123113105 |
| 007 | cr ||||||||||| |
| 008 | 150406s2002||||xxc|||||o f|0| 0 eng d |
| 020 | |a0-662-32018-2 |
| 040 | |aCaOODSP|beng |
| 043 | |an-cn--- |
| 086 | 1 |aMP32-28/01-1-13E-PDF |
| 100 | 1 |aJuby, Heather, |d1953- |eauthor. |
| 245 | 10|aIt's all in the past? : |bexploring the repercussions of parents' early conjugal and parental histories on the family life course of their children / |cby Heather Juby and Nicole Marcil-Gratton. |
| 246 | 1 |aExploring the repercussions of parents' early conjugal and parental histories on the family life course of their children |
| 260 | |aHull, Quebec : |bHuman Resources Development Canada, |cJanuary 2002. |
| 300 | |a1 online resource (40 pages) : |bgraphs, tables. |
| 336 | |atext|btxt|2rdacontent |
| 337 | |acomputer|bc|2rdamedia |
| 338 | |aonline resource|bcr|2rdacarrier |
| 490 | 1 |aWorking paper ; |vW-01-1-13E |
| 500 | |aThe catalogue number (MP32-28/01-1-13E) and ISBN (0-662-32018-2) for the print edition have been incorrectly copied in this electronic publication. |
| 504 | |aIncludes bibliographical references. |
| 590 | |a12-16-Supp|b2012-04-17 |
| 690 | 07|aChild development|2gcpds |
| 690 | 07|aCouples|2gcpds |
| 690 | 07|aFamily|2gcpds |
| 710 | 1 |aCanada.|bHuman Resources Development Canada. |bApplied Research Branch, |eissuing body. |
| 776 | 0#|tIt's all in the past? : |w(CaOODSP)9.615895 |
| 830 | #0|aWorking paper ;|vW-01-1-13E|w(CaOODSP)9.504477 |
| 856 | 40|ahttp://publications.gc.ca|qPDF|s117 KB|uhttps://publications.gc.ca/collections/collection_2012/rhdcc-hrsdc/MP32-28-01-1-13-eng.pdf|yW-01-1-13E |